000 00541nam a2200145 a 4500
001 000030403
005 20250116073944.0
008 110517s1984 dr ac 000 0 spa d
040 _aDO-SdBNP
_bspa
_cBNPHU
110 1 _aRepública Dominicana.
_bSecretaría de Estado de Educación, Bellas Artes y Cultos
_923965
245 1 0 _aProgramas de estudio para la educación media :
_bfrances (lengua extranjera).
260 _aSanto Domingo :
_bSecretaría de Estado de Educación,
_c1984.
300 _a50 p. :
_bil., retrs. ;
_c21 cm.
049 _aBNPD
999 _c29895
_d29895